TV Shows Go Shopping Quiz Stats

 Plays Quiz Updated Mar 27, 2019

Score 0/20 Timer 06:00
6 Plays Today
% Correct
The Simpsons
95.3%
The Big Bang Theory
94.9%
South Park
94.6%
Family Guy
89.5%
Sesame Street
87.9%
Parks and Recreation
85.3%
The X-Files
84.8%
Bob's Burgers
83.3%
Modern Family
83.2%
Two and a Half Men
80.5%
% Correct
The Golden Girls
79%
The King of Queens
78.3%
American Dad!
75%
Married... with Children
74.7%
The Walking Dead
70.9%
Curb Your Enthusiasm
66.9%
Desperate Housewives
64.9%
Gilmore Girls: A Year in the Life
58.8%
The Good Place
53.5%
Unbreakable Kimmy Schmidt
53%

You're not logged in!

Compare scores with friends on all Sporcle quizzes.
OR
Log In

Sporcle TV

Today on Sporcle TV


Watch our educational content, quiz creation guides, and fun videos on Sporcle TV.

Show Comments

Extras

Top Quizzes Today


Score Distribution

Your Account Isn't Verified!

In order to create a playlist on Sporcle, you need to verify the email address you used during registration. Go to your Sporcle Settings to finish the process.

Report this User

Report this user for behavior that violates our Community Guidelines.

Details: